Văn hóa tộc người Nùng : Sách chuyên khảo
Sách cung cấp những thông tin cơ bản về nét văn hóa của một tộc người trên các phương diện: Lược sử văn hóa tộc người, văn hóa mưu sinh, văn hóa vật chất, văn hóa ứng xử, văn hóa tâm linh....
Αποθηκεύτηκε σε:
| Κύριος συγγραφέας: | |
|---|---|
| Άλλοι συγγραφείς: | |
| Μορφή: | Βιβλίο |
| Γλώσσα: | Vietnamese |
| Έκδοση: |
H.
Quân đội Nhân dân
2016
|
| Σειρά: | Việt Nam - Bức tranh đa văn hóa tộc người
|
| Θέματα: | |
| Ετικέτες: |
Προσθήκη ετικέτας
Δεν υπάρχουν, Καταχωρήστε ετικέτα πρώτοι!
|
| Thư viện lưu trữ: | Thư viện Trường Đại học Nam Cần Thơ |
|---|
| LEADER | 01274nam a22002297a 4500 | ||
|---|---|---|---|
| 001 | NCT_57583 | ||
| 008 | 190114b xxu||||| |||| 00| 0 vie d | ||
| 999 | |c 2783 |d 2783 | ||
| 020 | |a 9786045121054 |c 37000 | ||
| 082 | 0 | 4 | |2 23rd ed. |a 305.89591 |b S464 |
| 100 | 1 | |a Chu Thái Sơn |e Chủ biên | |
| 245 | 1 | 0 | |a Văn hóa tộc người Nùng : |b Sách chuyên khảo |c Chu Thái Sơn (chủ biên) ; Hoàng Hoa Toàn |
| 260 | |a H. |b Quân đội Nhân dân |c 2016 | ||
| 300 | |a 146 tr. |b Ảnh |c 21cm | ||
| 490 | |a Việt Nam - Bức tranh đa văn hóa tộc người | ||
| 500 | |a Phụ lục: Tr. 135-144 | ||
| 520 | |a Sách cung cấp những thông tin cơ bản về nét văn hóa của một tộc người trên các phương diện: Lược sử văn hóa tộc người, văn hóa mưu sinh, văn hóa vật chất, văn hóa ứng xử, văn hóa tâm linh. | ||
| 653 | |a Quản trị DV Du lịch và Lữ hành | ||
| 700 | 1 | |a Hoàng Hoa Toàn | |
| 942 | |2 ddc |c BK | ||
| 952 | |0 0 |1 0 |2 ddc |4 0 |6 305_895910000000000_S464 |7 0 |9 15225 |a 000001 |b 000001 |d 2019-01-14 |o 305.89591 S464 |p MD.14158 |r 2019-01-14 |v 37000.00 |w 2019-01-14 |y BK | ||
| 980 | |a Thư viện Trường Đại học Nam Cần Thơ | ||


